Normal view
MARC view
- Spanish language
Entry Topical Term
001 - CONTROL NUMBER
- control field: 82676
003 - CONTROL NUMBER IDENTIFIER
- control field: KE-NaSUL
005 - DATE AND TIME OF LATEST TRANSACTION
- control field: 20250825170725.0
008 - FIXED-LENGTH DATA ELEMENTS
- fixed length control field: 250825|| aca||aabn | a|a d
040 ## - CATALOGING SOURCE
- Original cataloging agency: KE-NaSUL
- Transcribing agency: KE-NaSUL
150 ## - HEADING--TOPICAL TERM
- Topical term or geographic name as entry element: Spanish language
- General subdivision: Morphology
670 ## - SOURCE DATA FOUND
- Source citation: Work cat.: (KE-NaSUL)55235: Rini, Joel. 82674, Exploring the role of morphology in the evolution of Spanish, c1999.